000 00628nam a2200253Ia 4500
003 OSt
005 20221007065606.0
006 a|||||r|||| 00| 0
007 ta
008 221006b |||||||| |||| 00| 0 eng d
020 _cRs. 120/-
024 _a9,184
037 _cTextual
040 _aFLL
_cFLL
_beng
041 _2eng
_aeng
082 _aY15:Z, P1
100 _aBatra Manjula
_9536450
245 0 _aWomen & law
250 _a1st
260 _aFaridabad
_bAllahabad Law Agency India
_c2001
300 _a299p
_ccm.
942 _hY15:Z, P1
_cTEXL
_2CC
999 _c1137757
_d1137757